[Event "Merli Memorial op"]
[Site "Barrinha"]
[Date "2010.07.03"]
[Round "3"]
[White "Barbosa, Fernando"]
[Black "Barbosa, Evandro Amorim"]
[Result "0-1"]
[WhiteElo "2093"]
[BlackElo "2382"]
[PlyCount "80"]
[EventDate "2010.07.02"]
[EventType "swiss"]
[EventRounds "6"]
[EventCountry "BRA"]
[SourceTitle "EXT 2011"]
[Source "ChessBase"]
[SourceDate "2010.11.26"]
[SourceVersion "1"]
[SourceVersionDate "2010.11.26"]
[SourceQuality "1"]

1. d4 Nf6 2. c4 c5 3. d5 e6 4. Nc3 exd5 5. cxd5 d6 6. e4 g6 7. Nf3 a6 8. a4 Bg4
9. Be2 Bxf3 10. Bxf3 Nbd7 11. O-O Bg7 12. Bf4 Qe7 13. a5 O-O 14. Qc2 Rfe8 15.
Rfe1 Rab8 16. Ra3 Rec8 17. Rb3 Ne5 18. Be2 Nfd7 19. Na4 c4 20. Rb4 Qd8 21. Bd2
b6 22. axb6 Nxb6 23. Rxb6 Rxb6 24. Nxb6 Qxb6 25. Bc3 Qb5 26. Rd1 a5 27. f4 Qc5+
28. Kf1 Nd7 29. Bg4 Rd8 30. Ra1 Nf6 31. Bf3 Ra8 32. Qd2 a4 33. e5 Nd7 34. e6
Nf6 35. Qe2 Nxd5 36. exf7+ Kxf7 37. Bxg7 Ne3+ 38. Kf2 Nf5+ 39. Kf1 Re8 40. Qf2
Ne3+ 0-1

[Event "Merli Memorial op"]
[Site "Barrinha"]
[Date "2010.07.03"]
[Round "4"]
[White "Barbosa, Evandro Amorim"]
[Black "Shiroma, Silvio Haruo"]
[Result "1/2-1/2"]
[WhiteElo "2382"]
[BlackElo "2132"]
[PlyCount "75"]
[EventDate "2010.07.02"]
[EventType "swiss"]
[EventRounds "6"]
[EventCountry "BRA"]
[SourceTitle "EXT 2011"]
[Source "ChessBase"]
[SourceDate "2010.11.26"]
[SourceVersion "1"]
[SourceVersionDate "2010.11.26"]
[SourceQuality "1"]

1. e4 e5 2. Nf3 Nc6 3. Bb5 a6 4. Ba4 Nf6 5. O-O Be7 6. Re1 b5 7. Bb3 d6 8. c3
O-O 9. h3 Na5 10. Bc2 c5 11. d4 Qc7 12. Nbd2 cxd4 13. cxd4 Bb7 14. d5 Rac8 15.
Bd3 Nd7 16. Nf1 Nc5 17. Bb1 Na4 18. Ng3 g6 19. h4 Qxc1 20. Qxc1 Rxc1 21. Rxc1
Nxb2 22. Bc2 Rc8 23. Rab1 Nbc4 24. Bd3 Nb6 25. Nf1 Bd8 26. Rc2 Na4 27. Rxc8
Bxc8 28. Rc1 Bd7 29. N1d2 Bb6 30. g3 Kg7 31. Bf1 h6 32. Ne1 Nc5 33. Kh2 f5 34.
Bh3 Kf6 35. Rc3 Nab7 36. Rf3 Ba5 37. exf5 gxf5 38. Bxf5 1/2-1/2

[Event "Merli Memorial op"]
[Site "Barrinha"]
[Date "2010.07.04"]
[Round "6"]
[White "Barbosa, Evandro Amorim"]
[Black "Batista, Renato Luiz"]
[Result "1-0"]
[WhiteElo "2382"]
[BlackElo "2261"]
[PlyCount "105"]
[EventDate "2010.07.02"]
[EventType "swiss"]
[EventRounds "6"]
[EventCountry "BRA"]
[SourceTitle "EXT 2011"]
[Source "ChessBase"]
[SourceDate "2010.11.26"]
[SourceVersion "1"]
[SourceVersionDate "2010.11.26"]
[SourceQuality "1"]

1. e4 c5 2. Nf3 d6 3. d4 cxd4 4. Nxd4 Nf6 5. Nc3 g6 6. Be3 Bg7 7. f3 O-O 8. Qd2
Nc6 9. Bc4 Bd7 10. O-O-O Ne5 11. Bb3 Rb8 12. h4 b5 13. h5 Nc4 14. Bxc4 bxc4 15.
hxg6 fxg6 16. Bh6 Qb6 17. b3 cxb3 18. axb3 Bxh6 19. Qxh6 Rf7 20. g4 e5 21. Nde2
Be6 22. Qd2 Ne8 23. Rhf1 Rc7 24. Qd3 Qa5 25. Kd2 Rbc8 26. Qe3 Rc5 27. Ra1 Qb6
28. Qd3 R5c6 29. Ra2 Kh8 30. Rfa1 Qf2 31. Nd1 Qg2 32. c4 a6 33. Rxa6 Rxa6 34.
Rxa6 h5 35. Qe3 Kg7 36. Ra7+ Bf7 37. gxh5 gxh5 38. Nf2 Qg6 39. Nh3 Rc7 40. Ra1
Kf8 41. Ng5 Bg8 42. Rg1 Qf6 43. Rf1 Kg7 44. Ng3 Qg6 45. Rh1 Kf8 46. Nxh5 Bxc4
47. bxc4 Rxc4 48. Ng3 Nf6 49. Nf5 Nh5 50. Ra1 Ke8 51. Ra8+ Kd7 52. Qa7+ Rc7 53.
Qa4+ 1-0

[Event "Pan American U18"]
[Site "Bento Goncalves"]
[Date "2010.08.02"]
[Round "1"]
[White "Barbosa, Evandro Amorim"]
[Black "Valdes Escobar, Jose Ignacio"]
[Result "1-0"]
[WhiteElo "2382"]
[BlackElo "2042"]
[PlyCount "49"]
[EventDate "2010.08.02"]
[EventType "swiss"]
[EventRounds "9"]
[EventCountry "BRA"]
[SourceTitle "EXT 2013"]
[Source "ChessBase"]
[SourceDate "2012.11.22"]
[SourceVersion "1"]
[SourceVersionDate "2012.11.22"]
[SourceQuality "1"]

1. e4 c5 2. Nf3 d6 3. c3 Nf6 4. Bd3 e6 5. Bc2 Nc6 6. O-O Be7 7. Re1 O-O 8. d4
cxd4 9. cxd4 e5 10. h3 Qc7 11. Nc3 a6 12. Be3 Na5 13. Rc1 Nc4 14. Bb3 Nxe3 15.
Rxe3 Qb8 16. Nd5 Bd8 17. Rec3 Be6 18. Nxf6+ Bxf6 19. Bxe6 fxe6 20. dxe5 Bxe5
21. Nxe5 dxe5 22. Rc7 Qa7 23. R1c2 Rf7 24. Rxf7 Kxf7 25. Rc7+ 1-0

[Event "Pan American U18"]
[Site "Bento Goncalves"]
[Date "2010.08.03"]
[Round "2"]
[White "Barbosa, Fernando"]
[Black "Barbosa, Evandro Amorim"]
[Result "0-1"]
[WhiteElo "2093"]
[BlackElo "2382"]
[PlyCount "66"]
[EventDate "2010.08.02"]
[EventType "swiss"]
[EventRounds "9"]
[EventCountry "BRA"]
[SourceTitle "EXT 2013"]
[Source "ChessBase"]
[SourceDate "2012.11.22"]
[SourceVersion "1"]
[SourceVersionDate "2012.11.22"]
[SourceQuality "1"]

1. d4 Nf6 2. c4 g6 3. Nc3 Bg7 4. e4 d6 5. Nf3 O-O 6. Be2 e5 7. O-O Nc6 8. d5
Ne7 9. Ne1 Nd7 10. Be3 f5 11. f3 f4 12. Bf2 g5 13. Nd3 Rf6 14. c5 Rh6 15. a4
Qe8 16. Re1 a6 17. c6 bxc6 18. dxc6 Nf6 19. h3 Qh5 20. Bf1 Kh8 21. Qb3 g4 22.
fxg4 Bxg4 23. Ba7 Rg6 24. Nf2 Bxh3 25. Nxh3 Qxh3 26. Kf2 Qg3+ 27. Ke2 Nxe4 28.
Qb7 Nxc3+ 29. bxc3 Rf8 30. Kd2 Nd5 31. Qb3 e4 32. Qxd5 Qxc3+ 33. Ke2 Qc2+ 0-1

[Event "Pan American U18"]
[Site "Bento Goncalves"]
[Date "2010.08.03"]
[Round "3"]
[White "Barbosa, Evandro Amorim"]
[Black "Perez Gormaz, Matias Ariel"]
[Result "1-0"]
[WhiteElo "2382"]
[BlackElo "2077"]
[PlyCount "65"]
[EventDate "2010.08.02"]
[EventType "swiss"]
[EventRounds "9"]
[EventCountry "BRA"]
[SourceTitle "EXT 2013"]
[Source "ChessBase"]
[SourceDate "2012.11.22"]
[SourceVersion "1"]
[SourceVersionDate "2012.11.22"]
[SourceQuality "1"]

1. e4 c5 2. Nf3 d6 3. d4 cxd4 4. Nxd4 Nf6 5. Nc3 a6 6. h3 b5 7. a4 e5 8. Nf5 d5
9. Bg5 d4 10. Bxf6 gxf6 11. Nb1 Qa5+ 12. Qd2 Bb4 13. c3 dxc3 14. bxc3 Bc5 15.
Be2 Bxf5 16. exf5 Ra7 17. O-O bxa4 18. Qc2 a3 19. Nxa3 Bxa3 20. Qb3 O-O 21.
Rxa3 Rb7 22. Qa2 Qc7 23. Qd2 Kh8 24. Rfa1 Qd7 25. Qh6 Qd6 26. Ra4 Rg8 27. Rh4
Rg7 28. Rd1 Qe7 29. Rg4 Rxg4 30. hxg4 Nd7 31. g5 Kg8 32. Bxa6 Rb6 33. g6 1-0

[Event "Pan American U18"]
[Site "Bento Goncalves"]
[Date "2010.08.04"]
[Round "4"]
[White "Leon Calderon, Jonathan"]
[Black "Barbosa, Evandro Amorim"]
[Result "1-0"]
[WhiteElo "2120"]
[BlackElo "2382"]
[PlyCount "119"]
[EventDate "2010.08.02"]
[EventType "swiss"]
[EventRounds "9"]
[EventCountry "BRA"]
[SourceTitle "EXT 2013"]
[Source "ChessBase"]
[SourceDate "2012.11.22"]
[SourceVersion "1"]
[SourceVersionDate "2012.11.22"]
[SourceQuality "1"]

1. e4 c5 2. Nf3 Nc6 3. d4 cxd4 4. Nxd4 e5 5. Nb5 d6 6. N1c3 a6 7. Na3 b5 8. Nd5
Nge7 9. Bg5 h6 10. Bh4 Be6 11. c3 Bxd5 12. exd5 Nb8 13. g4 Nd7 14. Nc2 Qb6 15.
Ne3 Ng6 16. Bg3 Nf4 17. Qf3 Be7 18. Nf5 Bf6 19. h4 g6 20. Ne3 b4 21. Bc4 bxc3
22. bxc3 Qb2 23. O-O Qxc3 24. Rac1 Qa5 25. Bxf4 exf4 26. Qxf4 Be5 27. Qf3 O-O
28. Kg2 Rac8 29. h5 Kg7 30. Rh1 Nb6 31. Qe4 Qa4 32. Bd3 Qxe4+ 33. Bxe4 Bf4 34.
Rc6 Bxe3 35. fxe3 Nc4 36. Rc1 Rxc6 37. dxc6 d5 38. Rc3 Re8 39. c7 dxe4 40. Rxc4
Rc8 41. hxg6 fxg6 42. Rc6 a5 43. a4 Kf7 44. Kg3 g5 45. Rxh6 Kg7 46. Rc6 Kf7 47.
Rc5 Kf6 48. Kf2 Ke6 49. Rxg5 Rxc7 50. Rxa5 Rc3 51. Rf5 Rd3 52. Rf4 Ke5 53. g5
Rd2+ 54. Kf1 Rd1+ 55. Kg2 Rd3 56. g6 Rd2+ 57. Kh3 Rd3 58. g7 Rxe3+ 59. Kg4 Re1
60. Kg5 1-0

[Event "Pan American U18"]
[Site "Bento Goncalves"]
[Date "2010.08.05"]
[Round "5"]
[White "Barbosa, Evandro Amorim"]
[Black "Paveto, Kevin"]
[Result "1-0"]
[WhiteElo "2382"]
[BlackElo "2240"]
[PlyCount "101"]
[EventDate "2010.08.02"]
[EventType "swiss"]
[EventRounds "9"]
[EventCountry "BRA"]
[SourceTitle "EXT 2013"]
[Source "ChessBase"]
[SourceDate "2012.11.22"]
[SourceVersion "1"]
[SourceVersionDate "2012.11.22"]
[SourceQuality "1"]

1. e4 e5 2. Nf3 Nc6 3. Bb5 a6 4. Ba4 Nf6 5. O-O b5 6. Bb3 Be7 7. Re1 O-O 8. h3
d6 9. c3 Nb8 10. d4 Nbd7 11. Nbd2 Bb7 12. Bc2 Re8 13. Nf1 Bf8 14. Ng3 c5 15. d5
g6 16. a4 c4 17. Bg5 h6 18. Be3 Nc5 19. Qd2 Kh7 20. Nh2 Qd7 21. Rf1 Bg7 22. f4
Nxa4 23. Bxa4 bxa4 24. f5 Bc8 25. Ng4 Nxg4 26. hxg4 g5 27. Ra2 f6 28. Rfa1 Qc7
29. Rxa4 Bd7 30. Rxa6 Qb7 31. Ra7 Reb8 32. Qc1 Qc8 33. Nh5 Rxa7 34. Rxa7 Rb7
35. Qa1 Be8 36. Qa6 Rxa7 37. Qxc8 Ra1+ 38. Kf2 Bxh5 39. gxh5 Rb1 40. Qxc4 Rxb2+
41. Kf3 Bf8 42. Qc8 g4+ 43. Kxg4 Rxg2+ 44. Kf3 Rh2 45. Qe8 Rh3+ 46. Kf2 Rh2+
47. Kg3 Re2 48. Qg6+ Kh8 49. Bxh6 Re1 50. Qxf6+ Kh7 51. Qf7+ 1-0

[Event "Pan American U18"]
[Site "Bento Goncalves"]
[Date "2010.08.05"]
[Round "6"]
[White "Roldan Churio, Renny Alfonso"]
[Black "Barbosa, Evandro Amorim"]
[Result "0-1"]
[WhiteElo "2023"]
[BlackElo "2382"]
[PlyCount "60"]
[EventDate "2010.08.02"]
[EventType "swiss"]
[EventRounds "9"]
[EventCountry "BRA"]
[SourceTitle "EXT 2013"]
[Source "ChessBase"]
[SourceDate "2012.11.22"]
[SourceVersion "1"]
[SourceVersionDate "2012.11.22"]
[SourceQuality "1"]

1. e4 c5 2. Nc3 Nc6 3. g3 g6 4. Bg2 Bg7 5. d3 d6 6. f4 e6 7. Nf3 Nge7 8. O-O
O-O 9. Be3 Nd4 10. e5 Nef5 11. Bf2 Nxf3+ 12. Qxf3 Nd4 13. Qd1 dxe5 14. fxe5
Bxe5 15. Na4 Qc7 16. c3 Nf5 17. Nxc5 h5 18. Qf3 Rb8 19. d4 Bg7 20. h3 b6 21.
Ne4 Bb7 22. g4 hxg4 23. Qxg4 e5 24. dxe5 Bxe5 25. Rae1 Rbd8 26. Qg5 Kg7 27. Bf3
Rd3 28. Qg2 Rxf3 29. Qxf3 Nd6 30. Bg3 Nxe4 0-1

[Event "Pan American U18"]
[Site "Bento Goncalves"]
[Date "2010.08.06"]
[Round "7"]
[White "Barbosa, Evandro Amorim"]
[Black "Vera Siguenas, Deivy Anthoni"]
[Result "*"]
[WhiteElo "2382"]
[BlackElo "2348"]
[PlyCount "109"]
[EventDate "2010.08.02"]
[EventType "swiss"]
[EventRounds "9"]
[EventCountry "BRA"]
[SourceTitle "EXT 2013"]
[Source "ChessBase"]
[SourceDate "2012.11.22"]
[SourceVersion "1"]
[SourceVersionDate "2012.11.22"]
[SourceQuality "1"]

1. e4 c5 2. Nf3 Nc6 3. d4 cxd4 4. Nxd4 Nf6 5. Nc3 e6 6. Ndb5 d6 7. Bf4 e5 8.
Bg5 a6 9. Na3 b5 10. Bxf6 gxf6 11. Nd5 Bg7 12. Bd3 Ne7 13. Nxe7 Qxe7 14. O-O
O-O 15. Qf3 f5 16. exf5 d5 17. Qxd5 Bb7 18. Qb3 e4 19. Rfe1 Qe5 20. c3 Qxf5 21.
Bf1 Rae8 22. Nc4 Qc5 23. Qa3 Qh5 24. Nd6 Be5 25. h3 Bxd6 26. Qxd6 Re6 27. Qf4
Rg6 28. Re3 Qd5 29. a4 bxa4 30. Rxa4 Qd1 31. Rd4 Qc1 32. g3 Bc6 33. Kg2 a5 34.
b3 Qa3 35. Bc4 Qc5 36. Kh2 Kg7 37. Kg2 Rf6 38. Qg4+ Kh8 39. Qd1 Qf5 40. Qd2 Rh6
41. g4 Qg5 42. Rd6 Rg6 43. Qd4+ Kg8 44. Rxg6+ hxg6 45. Qd6 Ba8 46. Kg3 Rd8 47.
Qf4 Qe7 48. h4 Rd1 49. g5 Bb7 50. Kh2 Rd6 51. Rg3 Rd1 52. Re3 Rd6 53. Rg3 Kg7
54. Re3 Rd8 55. Kg3 *

[Event "Pan American U18"]
[Site "Bento Goncalves"]
[Date "2010.08.06"]
[Round "8"]
[White "Terry Lujan, Renato Alfredo"]
[Black "Barbosa, Evandro Amorim"]
[Result "1-0"]
[WhiteElo "2409"]
[BlackElo "2382"]
[PlyCount "99"]
[EventDate "2010.08.02"]
[EventType "swiss"]
[EventRounds "9"]
[EventCountry "BRA"]
[SourceTitle "EXT 2013"]
[Source "ChessBase"]
[SourceDate "2012.11.22"]
[SourceVersion "1"]
[SourceVersionDate "2012.11.22"]
[SourceQuality "1"]

1. Nf3 Nf6 2. c4 g6 3. b3 Bg7 4. Bb2 O-O 5. e3 d6 6. Be2 Nbd7 7. Qc2 e5 8. d3
Re8 9. Nbd2 Qe7 10. O-O e4 11. dxe4 Nxe4 12. Bxg7 Kxg7 13. Nxe4 Qxe4 14. Qc3+
Kg8 15. Rfd1 Qe7 16. Nd4 Nf6 17. Bf3 a6 18. h3 Rb8 19. b4 Bd7 20. b5 axb5 21.
cxb5 Rec8 22. Rab1 Qe8 23. Ne2 Bf5 24. Rb4 Qe7 25. Ng3 Be6 26. a4 Nd7 27. a5
Ne5 28. Be2 c5 29. Rb2 f5 30. f4 Nd7 31. Bf3 Nf6 32. e4 Rd8 33. Re2 Qf7 34.
exf5 Bxf5 35. Red2 Qe7 36. Re2 Qf7 37. a6 bxa6 38. bxa6 d5 39. Qxc5 Rbc8 40.
Qe7 Ne4 41. Qxf7+ Kxf7 42. Bxe4 dxe4 43. Rxd8 Rxd8 44. Nxf5 gxf5 45. Ra2 Ke6
46. a7 Ra8 47. g4 fxg4 48. hxg4 h5 49. gxh5 Kf5 50. h6 1-0

[Event "Regina Helena Marques 7th"]
[Site "Santos"]
[Date "2010.08.10"]
[Round "2"]
[White "Campelo, Leandro Fabricio"]
[Black "Barbosa, Evandro Amorim"]
[Result "1/2-1/2"]
[WhiteElo "2237"]
[BlackElo "2279"]
[PlyCount "125"]
[EventDate "2010.08.09"]
[EventType "tourn"]
[EventRounds "9"]
[EventCountry "BRA"]
[EventCategory "3"]
[SourceTitle "CBM 137 Extra"]
[Source "ChessBase"]
[SourceDate "2010.09.01"]
[SourceVersion "1"]
[SourceVersionDate "2010.09.01"]
[SourceQuality "1"]

1. e4 c5 2. Nf3 Nc6 3. d4 cxd4 4. Nxd4 e5 5. Nb5 d6 6. N1c3 a6 7. Na3 b5 8. Nd5
Nge7 9. c4 Nd4 10. cxb5 Nxd5 11. exd5 Be7 12. Bd3 O-O 13. O-O Bf6 14. bxa6 Bxa6
15. Be3 Qb6 16. Bxa6 Rxa6 17. Bxd4 exd4 18. Qd3 Ra5 19. Nc4 Qa6 20. b4 Rxd5 21.
a4 Rg5 22. b5 Qb7 23. f3 d5 24. Na5 Qd7 25. f4 Rg6 26. Nc6 Re8 27. Rae1 h5 28.
Rxe8+ Qxe8 29. Nxd4 Bxd4+ 30. Qxd4 Qe2 31. Qxd5 Qe3+ 32. Kh1 Qe2 33. Qf3 Qc4
34. h3 Qxa4 35. Qxh5 Qc2 36. Qd5 Qe2 37. Rb1 Qc2 38. Re1 Qf2 39. Re8+ Kh7 40.
Qh5+ Rh6 41. Qf5+ Rg6 42. Qe4 Qf1+ 43. Kh2 Qxb5 44. Qa8 Ra6 45. Rh8+ Kg6 46.
Qf3 Qf5 47. Rh4 Rd6 48. Rg4+ Kh7 49. Rg5 Qd7 50. Qe4+ g6 51. f5 Rf6 52. fxg6+
fxg6 53. h4 Qc7+ 54. Kh3 Qd7+ 55. Kh2 Qd6+ 56. Qe5 Qxe5+ 57. Rxe5 Rf4 58. g3
Ra4 59. Kg2 Kg7 60. Rb5 Kf6 61. Rb6+ Kf5 62. Rb5+ Kf6 63. Rb6+ 1/2-1/2

[Event "Regina Helena Marques 7th"]
[Site "Santos"]
[Date "2010.08.11"]
[Round "3"]
[White "Barbosa, Evandro Amorim"]
[Black "Van Riemsdijk, Dirk Dagobert"]
[Result "1-0"]
[WhiteElo "2279"]
[BlackElo "2213"]
[PlyCount "59"]
[EventDate "2010.08.09"]
[EventType "tourn"]
[EventRounds "9"]
[EventCountry "BRA"]
[EventCategory "3"]
[SourceTitle "CBM 137 Extra"]
[Source "ChessBase"]
[SourceDate "2010.09.01"]
[SourceVersion "1"]
[SourceVersionDate "2010.09.01"]
[SourceQuality "1"]

1. e4 c6 2. d4 d5 3. Nc3 dxe4 4. Nxe4 Bf5 5. Ng3 Bg6 6. h4 h6 7. Nf3 Nd7 8. h5
Bh7 9. Bd3 Bxd3 10. Qxd3 e6 11. Bf4 Ngf6 12. O-O-O Qa5 13. Kb1 Rd8 14. Qe2 Be7
15. Ne5 O-O 16. Bd2 Qc7 17. f4 c5 18. f5 cxd4 19. Nxf7 Rc8 20. fxe6 Qxc2+ 21.
Ka1 d3 22. Qe1 Nd5 23. Rc1 Nb4 24. Nf5 Bf6 25. N5xh6+ gxh6 26. Qg3+ Bg7 27.
Rxc2 Nxc2+ 28. Kb1 Rxf7 29. exf7+ Kxf7 30. Rf1+ 1-0

[Event "Regina Helena Marques 7th"]
[Site "Santos"]
[Date "2010.08.13"]
[Round "6"]
[White "Stamenkovic, Dragan"]
[Black "Barbosa, Evandro Amorim"]
[Result "1/2-1/2"]
[WhiteElo "2391"]
[BlackElo "2279"]
[PlyCount "30"]
[EventDate "2010.08.09"]
[EventType "tourn"]
[EventRounds "9"]
[EventCountry "BRA"]
[EventCategory "3"]
[SourceTitle "CBM 137 Extra"]
[Source "ChessBase"]
[SourceDate "2010.09.01"]
[SourceVersion "1"]
[SourceVersionDate "2010.09.01"]
[SourceQuality "1"]

1. e4 c5 2. Nf3 Nc6 3. d4 cxd4 4. Nxd4 Nf6 5. Nc3 e5 6. Ndb5 d6 7. Bg5 a6 8.
Na3 b5 9. Nd5 Be7 10. Bxf6 Bxf6 11. c3 Bg5 12. Nc2 Ne7 13. a4 bxa4 14. Rxa4
Nxd5 15. Qxd5 Be6 1/2-1/2

[Event "Regina Helena Marques 7th"]
[Site "Santos"]
[Date "2010.08.14"]
[Round "8"]
[White "Barbosa, Evandro Amorim"]
[Black "Aranha Filho, Alvaro Zimmermann"]
[Result "1-0"]
[WhiteElo "2279"]
[BlackElo "2292"]
[PlyCount "63"]
[EventDate "2010.08.09"]
[EventType "tourn"]
[EventRounds "9"]
[EventCountry "BRA"]
[EventCategory "3"]
[SourceTitle "CBM 137 Extra"]
[Source "ChessBase"]
[SourceDate "2010.09.01"]
[SourceVersion "1"]
[SourceVersionDate "2010.09.01"]
[SourceQuality "1"]

1. e4 c6 2. d4 d5 3. exd5 cxd5 4. c4 Nf6 5. Nc3 e6 6. Nf3 Be7 7. cxd5 Nxd5 8.
Bd3 Nc6 9. O-O O-O 10. Re1 Bf6 11. Be4 Nce7 12. Qd3 g6 13. Bh6 Re8 14. Ne5 Nxc3
15. Qxc3 Nf5 16. Bxf5 exf5 17. d5 Bd7 18. Rad1 Ba4 19. b3 Rc8 20. Qg3 Bb5 21.
a4 Bd7 22. Nc4 Rxe1+ 23. Rxe1 Bxa4 24. Nd6 Rc3 25. Nxb7 Qd7 26. Qf4 Bb5 27. Nd6
Rxb3 28. h4 Qd8 29. Nxb5 Rxb5 30. Qd6 Rb8 31. Re8+ Qxe8 32. Qxf6 1-0

[Event "Santos Paulista Absoluto"]
[Site "Santos"]
[Date "2010.08.19"]
[Round "1"]
[White "Kina, Caio Garcia"]
[Black "Barbosa, Evandro Amorim"]
[Result "0-1"]
[WhiteElo "1891"]
[BlackElo "2382"]
[PlyCount "72"]
[EventDate "2010.08.19"]
[EventType "swiss"]
[EventRounds "7"]
[EventCountry "BRA"]
[SourceTitle "CBM 138 Extra"]
[Source "ChessBase"]
[SourceDate "2010.10.29"]
[SourceVersion "1"]
[SourceVersionDate "2010.10.29"]
[SourceQuality "1"]

1. e4 c5 2. Nf3 Nc6 3. d4 cxd4 4. Nxd4 Nf6 5. Nc3 e5 6. Ndb5 d6 7. Bg5 a6 8.
Na3 b5 9. Nd5 Be7 10. Bxf6 Bxf6 11. c3 Bg5 12. Nc2 Ne7 13. Nce3 Bxe3 14. Nxe3
Bb7 15. Qg4 O-O 16. Rd1 f5 17. Nxf5 Nxf5 18. exf5 d5 19. Bd3 e4 20. Bc2 Qf6 21.
Bb3 Qxf5 22. Qxf5 Rxf5 23. Ke2 Raf8 24. Rhf1 a5 25. Ke3 Kf7 26. Rd2 Ke6 27. a4
bxa4 28. Bxa4 Rg5 29. Rg1 Ke5 30. Bd1 Bc6 31. f3 Rg6 32. Bc2 Rxf3+ 33. gxf3
Rxg1 34. fxe4 dxe4 35. b4 axb4 36. cxb4 Ra1 0-1

[Event "Santos Paulista Absoluto"]
[Site "Santos"]
[Date "2010.08.20"]
[Round "2"]
[White "Barbosa, Evandro Amorim"]
[Black "Torsani Pires, Marcos Vinicius"]
[Result "1-0"]
[WhiteElo "2382"]
[BlackElo "2113"]
[PlyCount "83"]
[EventDate "2010.08.19"]
[EventType "swiss"]
[EventRounds "7"]
[EventCountry "BRA"]
[SourceTitle "CBM 138 Extra"]
[Source "ChessBase"]
[SourceDate "2010.10.29"]
[SourceVersion "1"]
[SourceVersionDate "2010.10.29"]
[SourceQuality "1"]

1. Nf3 c5 2. c4 Nf6 3. Nc3 e6 4. g3 d5 5. cxd5 exd5 6. d4 Nc6 7. Bg2 Be7 8. O-O
O-O 9. Bg5 c4 10. Ne1 Be6 11. Nc2 h6 12. Be3 b5 13. Nxb5 Rb8 14. Nca3 a6 15.
Nc3 Bxa3 16. bxa3 Qa5 17. Qc1 Bf5 18. f3 Na7 19. Bd2 Qb6 20. e4 Be6 21. e5 Nd7
22. f4 Nb5 23. Kh1 Nxc3 24. Bxc3 f5 25. Qc2 Qc6 26. Bb4 Rf7 27. Bf3 Nf8 28. Bd6
Rb6 29. Bc5 Rb5 30. Qxc4 Rc7 31. Qe2 Nd7 32. Bd6 Rcb7 33. Rfc1 Qb6 34. Qd3 Rb2
35. Bb4 Qb5 36. Qc3 Rf2 37. Kg1 Rxf3 38. Qxf3 Nb6 39. Rc5 Qd7 40. Rac1 Nc4 41.
R1xc4 dxc4 42. d5 1-0

[Event "Santos Paulista Absoluto"]
[Site "Santos"]
[Date "2010.08.20"]
[Round "3"]
[White "Palozi, Paulo Ricardo"]
[Black "Barbosa, Evandro Amorim"]
[Result "1/2-1/2"]
[WhiteElo "2219"]
[BlackElo "2382"]
[PlyCount "95"]
[EventDate "2010.08.19"]
[EventType "swiss"]
[EventRounds "7"]
[EventCountry "BRA"]
[SourceTitle "CBM 138 Extra"]
[Source "ChessBase"]
[SourceDate "2010.10.29"]
[SourceVersion "1"]
[SourceVersionDate "2010.10.29"]
[SourceQuality "1"]

1. d4 Nf6 2. c4 g6 3. Nf3 Bg7 4. Nc3 d5 5. Bf4 O-O 6. Rc1 dxc4 7. e4 Bg4 8.
Bxc4 Nh5 9. Be3 Bxf3 10. Qxf3 Bxd4 11. O-O Bxe3 12. Qxe3 c6 13. e5 Qb6 14. Qh6
Qd4 15. Rfe1 Qf4 16. Qxf4 Nxf4 17. g3 Ne6 18. Bxe6 fxe6 19. Rcd1 Kf7 20. Re3
Na6 21. Ne4 Rad8 22. Rf3+ Kg7 23. Rxd8 Rxd8 24. Ng5 Kg8 25. Nxe6 Re8 26. Rd3
Nb8 27. f4 h6 28. Kf2 b6 29. g4 c5 30. f5 Nc6 31. Rd5 Kf7 32. a3 gxf5 33. gxf5
Rg8 34. h3 h5 35. Kf3 Rg1 36. Nd8+ Nxd8 37. Rxd8 Rh1 38. Kg3 Rf1 39. f6 exf6
40. exf6 a5 41. Rd7+ Kg6 42. Rg7+ Kxf6 43. Rb7 Rd1 44. Rxb6+ Kg5 45. h4+ Kf5
46. Rb5 Rd3+ 47. Kf2 Kg4 48. Rxc5 1/2-1/2

[Event "Santos Paulista Absoluto"]
[Site "Santos"]
[Date "2010.08.21"]
[Round "4"]
[White "Barbosa, Evandro Amorim"]
[Black "Terao, Juliana Sayumi"]
[Result "0-1"]
[WhiteElo "2382"]
[BlackElo "2138"]
[PlyCount "98"]
[EventDate "2010.08.19"]
[EventType "swiss"]
[EventRounds "7"]
[EventCountry "BRA"]
[SourceTitle "CBM 138 Extra"]
[Source "ChessBase"]
[SourceDate "2010.10.29"]
[SourceVersion "1"]
[SourceVersionDate "2010.10.29"]
[SourceQuality "1"]

1. Nf3 c5 2. c4 Nf6 3. Nc3 Nc6 4. g3 d6 5. Bg2 g6 6. O-O Bg7 7. d3 O-O 8. a3
Bd7 9. Rb1 a5 10. Ne1 Qc8 11. Bg5 Rb8 12. Nc2 h6 13. Bd2 Bh3 14. Nd5 Bxg2 15.
Kxg2 h5 16. Bg5 Nxd5 17. cxd5 Qf5 18. dxc6 Qxg5 19. cxb7 Rxb7 20. f4 Qd5+ 21.
e4 Qc6 22. Ne3 Rfb8 23. Nc4 a4 24. Qf3 e6 25. Rf2 Qd7 26. f5 Bd4 27. Re2 exf5
28. exf5 d5 29. Ne5 Qd6 30. Nxg6 fxg6 31. Re6 Rxb2+ 32. Rxb2 Rxb2+ 33. Kh3 Qd7
34. Rxg6+ Bg7 35. Qxh5 Rf2 36. Qg4 Qf7 37. Qg5 Qxf5+ 38. Qxf5 Rxf5 39. Kg4 Rf2
40. h4 c4 41. dxc4 dxc4 42. Rc6 c3 43. Rc8+ Kh7 44. Rc7 Ra2 45. Kf5 Rxa3 46. g4
Ra1 47. g5 Rh1 48. Kg4 a3 49. h5 a2 0-1

[Event "Santos Paulista Absoluto"]
[Site "Santos"]
[Date "2010.08.20"]
[Round "5"]
[White "Barbosa, Evandro Amorim"]
[Black "Li, Victor Chin"]
[Result "0-1"]
[WhiteElo "2382"]
[BlackElo "2005"]
[PlyCount "29"]
[EventDate "2010.08.19"]
[EventType "swiss"]
[EventRounds "7"]
[EventCountry "BRA"]
[SourceTitle "CBM 138 Extra"]
[Source "ChessBase"]
[SourceDate "2010.10.29"]
[SourceVersion "1"]
[SourceVersionDate "2010.10.29"]
[SourceQuality "1"]

1. b3 e6 2. Bb2 d5 3. e3 c5 4. f4 Nc6 5. Nf3 Nf6 6. Bb5 Bd7 7. O-O a6 8. Bxc6
Bxc6 9. d3 b5 10. Nbd2 Qb6 11. Ne5 Rc8 12. Ndf3 c4 13. Bd4 Bc5 14. Qe1 O-O 15.
Qg3 0-1